| 000 | 00582cam a22001697a 4500 | ||
|---|---|---|---|
| 008 | 180718b1984 xxu||||| |||| 00| 0 eng d | ||
| 082 | _aV52x54 G959 | ||
| 100 | _aGupta, Gouri S. | ||
| 245 |
_aBudgetary control in electricity undertakings _cby Gouri S. Gupta |
||
| 260 |
_aNew Delhi _bNational _c1984 |
||
| 300 | _a187p. | ||
| 650 | _aGovernment Corporations - India | ||
| 650 | _aAhmedabad Electricity Compaby Limited | ||
| 650 | _aCalcutta Electricity Supply Company Limited | ||
| 650 | _aDelhi Electricity Supply Undertaking | ||
| 650 | _aElectric utilities - Finance - India | ||
| 999 |
_c345239 _d345239 |
||